Giovanni Pico della Mirandola: ein beitrag zur Philosophischen Theologie des italienischen humanismus
Salvato in:
| Autore principale: | |
|---|---|
| Natura: | Libro |
| Lingua: | tedesco |
| Pubblicazione: |
Wiesbaden
Franz Steiner
1960
|
| Edizione: | 1a. ed |
| Soggetti: | |
| Tags: |
Aggiungi Tag
Nessun Tag, puoi essere il primo ad aggiungerne!!
|
MARC
| LEADER | 00000cam a2200000 a 4500 | ||
|---|---|---|---|
| 001 | UCD4227 | ||
| 003 | CL-VaPUC | ||
| 008 | 160701e19600000gw |||||||||||||||||ger|d | ||
| 082 | 0 | 4 | |a 261.8 |b MON |2 21 |
| 100 | |a Monnerjahn, Engelbert |e autor |9 587865 | ||
| 245 | 1 | 0 | |a Giovanni Pico della Mirandola: ein beitrag zur Philosophischen Theologie des italienischen humanismus |
| 250 | |a 1a. ed | ||
| 300 | |a 236 p | ||
| 942 | |c BK | ||
| 945 | |d 20160701 20:49:00 |a dcastane | ||
| 260 | |a Wiesbaden |b Franz Steiner |c 1960 | ||
| 600 | 0 | 7 | |a MIRANDOLA, PICO DELLA |2 CL-VaPUC |9 548963 |
| 650 | 0 | |a Humanismo cristiano |9 257489 | |
| 583 | |a last modification |c 20160701 20:49:00 |k Rodrigo Vera | ||
| 999 | |c 365169 |d 365167 | ||
| 952 | |0 0 |1 0 |3 erd |4 0 |6 261_800000000000000_MON_1960 |7 0 |8 A |9 478916 |a FDOHBE |b FDOHBE |e Huesbe Llanos, Marco Antonio, 1934- |i 5332028 |o 261.8 MON 1960 |p 5332028 |r 2024-01-30 |w 2019-11-24 |y BK |z Catalogado en:20160701 |k HBE | ||